Království lží. První díl, Dvůr tak krutý a krásný /
První díl romantasy série Království lží. Nedlouho poté, co se lidé narodí, jim bohové seberou i tu trochu moci, s níž přišli na svět. Na oplátku je pak bohové chrání.
Uloženo v:
| Série: | Království lží,
část 1 |
|---|---|
| Hlavní autor: | |
| Další autoři: | |
| Médium: | E-kniha |
| Jazyk: | Czech |
| Vydáno: |
Praha :
Dobrovský s.r.o.,
2025
|
| Edice: | Red
|
| Témata: | |
| Příbuzné jednotky: | Z cyklu::
Království lží |
| Tagy: |
Žádné tagy |
| LEADER | 02808nam a2200457 i 4500 | ||
|---|---|---|---|
| 001 | 312646 | ||
| 003 | CZ PrSKC | ||
| 005 | 20260601215726.0 | ||
| 007 | ta | ||
| 008 | 250219s2025 xr g 000 f cze | ||
| 015 | |a cnb003673600 | ||
| 020 | |a 9788027741410 |q (brožováno) : |c Kč 499,00 | ||
| 040 | |a ABG001 |b cze |e rda | ||
| 041 | 1 | |a cze |h eng | |
| 072 | 7 | |a 821.111-3 |x Anglická próza, anglicky psaná |2 Konspekt | |
| 080 | |a 821.111(931)-31 |2 MRF | ||
| 080 | |a (0:82-312.9) |2 MRF | ||
| 100 | 1 | |a Stark, Stacia |7 xx0329348 |4 aut | |
| 240 | 1 | 0 | |a Court this cruel & lovely. |l Česky |
| 245 | 1 | 0 | |a Království lží. |n První díl, |p Dvůr tak krutý a krásný / |c Stacia Stark ; přeložila Kateřina Elisová |
| 264 | 1 | |a Praha : |b Dobrovský s.r.o., |c 2025 | |
| 300 | |a 443 stran ; |c 23 cm | ||
| 336 | |a text |b txt |2 rdacontent | ||
| 337 | |a bez média |b n |2 rdamedia | ||
| 338 | |a svazek |b nc |2 rdacarrier | ||
| 490 | 1 | |a Red | |
| 500 | |a Přeloženo z angličtiny | ||
| 500 | |a Na hřbetu knihy uvedeno číslo 1 | ||
| 520 | 2 | |a První díl romantasy série Království lží. Nedlouho poté, co se lidé narodí, jim bohové seberou i tu trochu moci, s níž přišli na svět. Na oplátku je pak bohové chrání. |b Když se člověku podaří uchovat si svoji moc, je označený za zkaženého a je upálen. A právě to se přihodí Prisce. Její zakázaná moc je odhalena, a proto musí uprchnout ze své malé vesnice a pohodlného života. Aby přežila, musí uzavřít dohodu se žoldákem - Prisca pomůže jemu a jeho tajemným přátelům proniknout do města a oni ji naučí ovládat její vlastní tajemství a temnou moc, kterou vždy skrývala. Právě tato moc může být klíčem k Prisčině přežití. Jenže Prisca není jediná, kdo má tajemství. Žoldák skrývá svá vlastní. Tajemství, která ohrožují bezpečí všech, které Prisca miluje. Tajemství, která mohou rozvrátit nejen království, ale i celý svět. Nakladatelská anotace. Kráceno. | |
| 655 | 7 | |a novozélandské romány |7 fd132920 |2 czenas | |
| 655 | 7 | |a fantasy romány |7 fd184199 |2 czenas | |
| 655 | 9 | |a New Zealand fiction |2 eczenas | |
| 655 | 9 | |a fantasy novels |2 eczenas | |
| 700 | 1 | |a Elisová, Kateřina |7 hka2015865348 |4 trl | |
| 787 | 0 | 8 | |i Z cyklu: |t Království lží |g 1 |
| 830 | 0 | |a Red | |
| 900 | |a ABG001 |b 19 | ||
| 044 | |a xr | ||
| 910 | |a RBIT002 | ||
| 998 | |d 417507 |a https://core.palmknihy.cz/api/books/417507/cover?ss8ms1 |b https://core.palmknihy.cz/api/books/417507/cover/400?ss8ms1 |c https://core.palmknihy.cz/api/books/417507/cover/50?ss8ms1 |e 2031-02-05 |g 448 |i 9788027741410 |j https://core.palmknihy.cz/api/books/417507/preview.epub |k https://core.palmknihy.cz/api/books/417507/preview.pdf |l |q 49 |r 1 |s https://www.palmknihy.cz/kniha/417507 |t ebook |y 2025 |z 0 |v Království lží |w 1 | ||
| 999 | |d 312644 | ||